[Event "Seebach op 13th"]
[Site "Grossenseebach"]
[Date "2002.05.31"]
[Round "3"]
[White "Vogiatzis, Joannis"]
[Black "Lindner, Heinz Dieter"]
[Result "1/2-1/2"]
[WhiteElo "1948"]
[BlackElo "1893"]
[PlyCount "41"]
[EventDate "2002.05.30"]
[EventType "swiss"]
[EventRounds "7"]
[EventCountry "GER"]
[SourceTitle "EXT 2018"]
[Source "ChessBase"]
[SourceDate "2017.10.13"]
[SourceVersion "1"]
[SourceVersionDate "2017.10.13"]
[SourceQuality "1"]

1. d4 d5 2. Nf3 c6 3. g3 e6 4. Bg2 f5 5. c4 Nf6 6. 0-0 Be7 7. Nc3 0-0 8. b3 Qe8 9. Ne5 Nbd7 10. Qc2 Nxe5 11. dxe5 Ng4 12. f4 Qh5 13. h3 Bc5+ 14. Kh1 dxc4 15. bxc4 Bd4 16. Rb1 b6 17. Nd1 Bb7 18. e3 Bc5 19. Kg1 Nh6 20. Kh2 Ng4+ 21. Kg1 1/2-1/2